Writing communications in business and industry (Record no. 180173)

MARC details
000 -LEADER
fixed length control field 00491nam a2200181Ia 4500
008 - FIXED-LENGTH DATA ELEMENTS--GENERAL INFORMATION
fixed length control field 140306s9999 xx 000 0 und d
020 ## - INTERNATIONAL STANDARD BOOK NUMBER
International Standard Book Number 0139704671
041 ## - LANGUAGE CODE
Language code of text/sound track or separate title eng
082 ## - DEWEY DECIMAL CLASSIFICATION NUMBER
Classification number 651.7
Item number LAW/WR
100 ## - MAIN ENTRY--PERSONAL NAME
Personal name Lawerence Nelda R
245 ## - TITLE STATEMENT
Title Writing communications in business and industry
260 ## - PUBLICATION, DISTRIBUTION, ETC. (IMPRINT)
Place of publication, distribution, etc. New Jersey
Name of publisher, distributor, etc. Prentice -Hall International
Date of publication, distribution, etc. 1982
300 ## - PHYSICAL DESCRIPTION
Extent 254
365 ## - TRADE PRICE
Price amount USD.31
650 ## - SUBJECT ADDED ENTRY--TOPICAL TERM
Topical term or geographic name as entry element Commercial correspondence
700 ## - ADDED ENTRY--PERSONAL NAME
Personal name Tebeaux Elizabeth
942 ## - ADDED ENTRY ELEMENTS (KOHA)
Source of classification or shelving scheme Dewey Decimal Classification
Koha item type Books (General)
Holdings
Withdrawn status Lost status Source of classification or shelving scheme Damaged status Not for loan Home library Current library Date acquired Cost, normal purchase price Total Checkouts Full call number Date last seen Price effective from Koha item type
    Dewey Decimal Classification     College of Co-operation, Banking & Management Library, Vellanikkara College of Co-operation, Banking & Management Library, Vellanikkara 02/06/2004 31.00   651.7 LAW/WR 22/03/2014 22/03/2014 Books (General)
Kerala Agricultural University Central Library
Thrissur-(Dt.), Kerala Pin:- 680656, India
Ph : (+91)(487) 2372219
E-mail: librarian@kau.in
Website: http://library.kau.in/